LEADER 01280nam 2200373Ia 450 001 9910697070803321 005 20230902162200.0 035 $a(CKB)5470000002384192 035 $a(OCoLC)605914286 035 $a(EXLCZ)995470000002384192 100 $a20100409d1998 ua 0 101 0 $aeng 135 $auran||||||||| 181 $ctxt$2rdacontent 182 $cc$2rdamedia 183 $acr$2rdacarrier 200 00$aGuidance for industry$b[electronic resource] $eacute or chronic bacterial prostatitis, developing antimicrobial drugs for treatment 210 1$aRockville, MD :$cU.S. Dept. of Health and Human Services, Food and Drug Administration, Center for Drug Evaluation and Research,$d[1998] 215 $a1 online resource (i, 12 pages) 300 $a"Draft guidance." 300 $a"Clin-anti." 300 $a"July 1998." 517 $aGuidance for industry 606 $aProstatitis$xTreatment$zUnited States 606 $aAnti-infective agents$zUnited States 615 0$aProstatitis$xTreatment 615 0$aAnti-infective agents 712 02$aCenter for Drug Evaluation and Research (U.S.) 801 0$bGPO 801 1$bGPO 906 $aBOOK 912 $a9910697070803321 996 $aGuidance for industry$93434577 997 $aUNINA LEADER 03432nam0 2200673 i 450 001 BVE0059550 005 20251003044054.0 010 $a8871048636 020 $aIT$b95-1220 100 $a20081112d1994 ||||0itac50 ba 101 | $aita 102 $ait 181 1$6z01$ai $bxxxe 182 1$6z01$an 200 1 $aDopo la legge 64$euna strategia europea per il Sud$fFranco Compasso 210 $aNapoli [etc.]$cEdizioni scientifiche italiane$d[1994] 215 $a128 p.$d21 cm. 225 | $aMezzogiorno ed Europa$v3 410 0$1001CFI0263854$12001 $aMezzogiorno ed Europa$v3 606 $aComunitą economica europea$xPolitica regionale$2FIR$3CFIC020458$9I 606 $aComunitą economica europea$xPolitica regionale$2FIR$3CFIC020458$9I 606 $aComunitą economica europea$xPolitica regionale$2FIR$3CFIC020458$9I 606 $aItalia meridionale$xEconomia$xInterventi statali$2FIR$3CFIC027924$9I 606 $aItalia meridionale$xEconomia$xInterventi statali$2FIR$3CFIC027924$9I 606 $aItalia meridionale$xEconomia$xInterventi statali$2FIR$3CFIC027924$9I 676 $a330.9457$9SITUAZIONI E CONDIZIONI ECONOMICHE. Italia meridionale$v23 676 $a338.9452702$9$v19 676 $a338.9457$9SVILUPPO ECONOMICO. Italia meridionale$v21 676 $a338.945702$9SVILUPPO ECONOMICO. Italia meridionale. Sussidi e accordi$v21 676 $a945.7092$9STORIA. ITALIA MERIDIONALE. 1946-$v21 696 $aIntervento statale$aEconomia reale$aAttivitą economiche$aAspetti economici 696 $aIntervento statale$aEconomia reale$aAttivitą economiche$aAspetti economici 696 $aIntervento statale$aEconomia reale$aAttivitą economiche$aAspetti economici 699 $aInterventi statali$zIntervento statale 699 $aEconomia$yEconomia reale 699 $aEconomia$zAttivitą economiche 699 $aEconomia$zAspetti economici 699 $aInterventi statali$zIntervento statale 699 $aEconomia$yEconomia reale 699 $aEconomia$zAttivitą economiche 699 $aEconomia$zAspetti economici 699 $aInterventi statali$zIntervento statale 699 $aEconomia$yEconomia reale 699 $aEconomia$zAttivitą economiche 699 $aEconomia$zAspetti economici 700 1$aCompasso$b, Franco$3CFIV033324$4070$04433 801 3$aIT$bIT-000000$c20081112 850 $aIT-BN0095 $aIT-SA0200 $aIT-NA0079 $aIT-NA0070 $aIT-CE0072 $aIT-CE0127 $aIT-NA0452 901 $bNAP BN$cMAGAZZINO $nmagazzini correnti divisi per anni 901 $bNAP BU$c4 B $nPropedeutica. Formato cm. 20,1-28. 901 $bNAP 63$cMOD $n$ 901 $bNAP CE$cBIBL.SOPR.$n$ 901 $bNAP IS$cISEM $nSezione di storia economica dell'ex Istituto di storia economica del Mezzogiorno 901 $bNAP 01$cPOZZO LIB.$nVi sono collocati fondi di economia, periodici di ingegneria e scienze, periodici di economia e statistica e altri fondi comprendenti documenti di economia pervenuti in dono. 912 $aBVE0059550 950 0$aBiblioteca Centralizzata di Ateneo$c1 v.$d 01POZZO LIB.ECON MON 6626$e 0101 0700160365E VMA 1 v. (Precedente collocazione 16 EC 036)$fB $h20220718$i20220718 977 $a 01$a 63$a BN$a BU$a CE$a CT$a IS 996 $aDopo la Legge 64$9498933 997 $aUNISANNIO